Longman handy learner's dictionary of American English

Αποθηκεύτηκε σε:
Λεπτομέρειες βιβλιογραφικής εγγραφής
Μορφή: Βιβλίο
Γλώσσα:English
Δημοσίευση: New York : Longman, c1993
Θέματα:
Ετικέτες: Προσθήκη ετικέτας
Δεν υπάρχουν, Καταχωρήστε ετικέτα πρώτοι!

MARC

LEADER 00000nam a2200000 i 4500
001 1/75562
008 990324s1993 eng d
020 |a 0582094836 
035 |l 10049371 
040 |a GR-MY-UA  |b gre  |e aacr 
041 0 |a eng 
082 0 |a 423 
245 1 0 |a Longman handy learner's dictionary of American English 
260 |a New York :   |b Longman,   |c c1993 
300 |a 506 p. 
650 0 0 |a English language  |z United States  |x Dictionaries. 
650 0 0 |a Americanisms  |x Dictionaries. 
852 |a INST  |b LESVOS  |e 19990324  |h 423 LOG  |p 005100019785  |q 005100019785  |t REF  |y 23 
901 |a BIBL1-1999-2 
909 |a Λ  |b 062537 
922 |a 1ΕΛΗ  |b 199812  |c ΚΠΣ/ΚΥΒ  |d LEADER 
950 |a 023-1998-09-14 
970 |a ΤΖΑΦΕΡΗ  |b ΕΥΑΓΓΕΛΙΑ  |z 1999/08/24